01131nam a2200205 a 450000100100000000500170001000800410002704000250006808200150009310000310010824500980013926000370023730000170027450400740029104900090036595201780037495201780055295201780073099900170090800003576320200930074607.0111110s2004 sp 000 0 spa d aDO-SdBNPbspacBNPHU axxxbC434c1 aChaide, Malón de,96171113aLa conversión de la Magdalena /cMalón de Chaide; pról. P. Félix García (Agustino). aMadrid :bEspasa-Calpe,c[195u]? av. ;c20 cm. aIncluye referencias bibliográficas y notas al pie de las páginas. aBNGR 001050718MOaGRbGRcHDd2011-11-10iLF1l0ov. 1p35763-10r2020-06-25w2020-06-25y1zPerteneció a la biblioteca personal de Carlos Larrazábal Blanco.ZNo se presta 001050718MOaGRbGRcCTd2011-11-10iLF1l0ov. 2p35763-20r2020-06-25w2020-06-25y1zPerteneció a la biblioteca personal de Carlos Larrazábal Blanco.ZNo se presta 001050718MOaGRbGRcCTd2012-02-16iLF1l0ov. 3p35763-30r2020-06-25w2020-06-25y1zPerteneció a la biblioteca personal de Carlos Larrazábal Blanco.ZNo se presta c35254d35254